[Event "Cheliabinsk Postovalov Memorial 5th"]
[Site "Cheliabinsk"]
[Date "2011.01.08"]
[Round "6"]
[White "Suslova, Alena"]
[Black "Kozirev, Alexander"]
[Result "1-0"]
[WhiteElo "2180"]
[BlackElo "2361"]
[PlyCount "88"]
[EventDate "2011.01.06"]
[EventType "swiss"]
[EventRounds "9"]
[EventCountry "RUS"]
[SourceTitle "CBM 140 Extra"]
[Source "ChessBase"]
[SourceDate "2011.03.01"]
[SourceVersion "1"]
[SourceVersionDate "2011.03.01"]
[SourceQuality "1"]

1. c4 e6 2. Nf3 d5 3. g3 Nf6 4. Bg2 dxc4 5. Qa4+ Nbd7 6. Qxc4 c5 7. d4 a6 8. a4 b5 9. Qc2 Bb7 10. axb5 axb5 11. Rxa8 Qxa8 12. Be3 cxd4 13. Bxd4 Bb4+ 14. Bc3 Bxc3+ 15. Nxc3 Qa1+ 16. Nd1 Qa5+ 17. Qd2 Qxd2+ 18. Kxd2 Ke7 19. Nh4 Bxg2 20. Nxg2 Ra8 21. f3 Ne5 22. Nde3 Kd6 23. Rc1 Ra2 24. Kc2 Nc6 25. Kb1 Ra7 26. Nf4 g5 27. Rd1+ Ke7 28. Nd3 Nd4 29. Nb4 e5 30. Nec2 Ke6 31. Nxd4+ exd4 32. Nc6 Rd7 33. Nxd4+ Ke5 34. Nc6+ Ke6 35. Rxd7 Kxd7 36. Nd4 b4 37. Kc2 Nd5 38. Kd3 Kd6 39. Nf5+ Kc5 40. e4 Nb6 41. Ne3 h5 42. f4 f6 43. h4 gxf4 44. gxf4 f5 1-0

[Event "Cheliabinsk Postovalov Memorial 5th"]
[Site "Cheliabinsk"]
[Date "2011.01.07"]
[Round "3"]
[White "Kozirev, Alexander"]
[Black "Filippov, Alexey"]
[Result "1-0"]
[WhiteElo "2361"]
[BlackElo "2075"]
[PlyCount "91"]
[EventDate "2011.01.06"]
[EventType "swiss"]
[EventRounds "9"]
[EventCountry "RUS"]
[SourceTitle "CBM 140 Extra"]
[Source "ChessBase"]
[SourceDate "2011.03.01"]
[SourceVersion "1"]
[SourceVersionDate "2011.03.01"]
[SourceQuality "1"]

1. e4 c5 2. Nf3 e6 3. d4 cxd4 4. Nxd4 a6 5. Bd3 Qc7 6. 0-0 Nf6 7. Qe2 d6 8. c4 Nbd7 9. f4 b6 10. Nc3 Bb7 11. Kh1 Rc8 12. Bd2 Qc5 13. Nf3 Qh5 14. b4 Be7 15. a3 0-0 16. Kg1 Rfe8 17. h3 d5 18. cxd5 exd5 19. e5 Ne4 20. Nxe4 dxe4 21. Bxe4 Bxe4 22. Qxe4 Qg6 23. Qxg6 hxg6 24. Rac1 Nf8 25. Kf2 Ne6 26. Ke3 a5 27. Rxc8 Rxc8 28. Kd3 axb4 29. axb4 b5 30. g3 Rc4 31. Rb1 Rc8 32. Bc3 Ra8 33. Nd4 Nc7 34. Nc6 Bf8 35. Ra1 Rc8 36. Bd2 Nd5 37. Ra6 Kh7 38. Ke4 Nc7 39. Ra7 Ne6 40. Ra6 Nc7 41. Rb6 Na8 42. Rb8 Rxc6 43. Rxf8 Nb6 44. Rxf7 Rc4+ 45. Kd3 Rc6 46. Rb7 1-0

[Event "Cheliabinsk Postovalov Memorial 5th"]
[Site "Cheliabinsk"]
[Date "2011.01.07"]
[Round "4"]
[White "Pleshakov, Anton"]
[Black "Kozirev, Alexander"]
[Result "0-1"]
[WhiteElo "2054"]
[BlackElo "2361"]
[PlyCount "83"]
[EventDate "2011.01.06"]
[EventType "swiss"]
[EventRounds "9"]
[EventCountry "RUS"]
[SourceTitle "CBM 140 Extra"]
[Source "ChessBase"]
[SourceDate "2011.03.01"]
[SourceVersion "1"]
[SourceVersionDate "2011.03.01"]
[SourceQuality "1"]

1. e4 c5 2. Nf3 Nc6 3. c3 Nf6 4. e5 Nd5 5. d4 cxd4 6. cxd4 d6 7. exd6 Qxd6 8. Nc3 Bg4 9. Be2 e6 10. 0-0 Be7 11. Be3 0-0 12. Rc1 Rac8 13. Ne4 Qb8 14. Nc5 Rfd8 15. Qb3 b6 16. Ne4 Qb7 17. Ng3 Bf6 18. Rfd1 Bxf3 19. Bxf3 Nxd4 20. Bxd4 Rxc1 21. Rxc1 Bxd4 22. Rd1 Be5 23. Nf1 Qb8 24. Qa3 a5 25. b3 Nb4 26. Rxd8+ Qxd8 27. Qa4 g6 28. a3 Nd3 29. Be2 Nc5 30. Qb5 Bd4 31. Ng3 Qf6 32. Bf3 Qe5 33. Ne2 Bxf2+ 34. Kf1 Be3 35. g3 Qa1+ 36. Kg2 Qxa3 37. Qxb6 Qb4 38. Qa7 Kg7 39. Bc6 Qe1 40. Nf4 Qg1+ 41. Kh3 Nd3 42. Nxe6+ 0-1